[Event "GBR-ch89"]
[Site "Torquay"]
[Date "2002.08.03"]
[Round "6"]
[White "Pert, Richard"]
[Black "Sandipan, Chanda"]
[Result "1/2-1/2"]
[WhiteElo "2357"]
[BlackElo "2507"]
[PlyCount "136"]
[EventDate "2002.07.29"]
[EventType "swiss"]
[EventRounds "11"]
[EventCountry "GBR"]
[SourceTitle "BritBase"]
[Source "John Saunders"]
[SourceDate "2008.07.14"]
[SourceVersion "1"]
[SourceVersionDate "2008.07.14"]
[SourceQuality "2"]

1. e4 c5 2. Nf3 e6 3. b3 d6 4. Bb5+ Nd7 5. O-O Ngf6 6. Re1 Be7 7. Bb2 e5 8. c3
O-O 9. d4 {(=)} Qc7 10. Bd3 Rd8 11. Qe2 Nf8 12. dxe5 dxe5 13. c4 Bg4 14. Qe3
Ng6 15. Nc3 Bxf3 16. Qxf3 Nf4 17. Nd5 N6xd5 18. exd5 Nxd3 19. Qxd3 Bd6 20. Re3
Rf8 21. Rae1 f6 22. Qf5 Qc8 23. Qh5 Qd7 24. Rh3 g6 25. Qh4 Rae8 26. Rhe3 a6 27.
h3 g5 28. Qg4 Qxg4 29. hxg4 b5 30. Re4 Rb8 31. Bc1 Kg7 32. f3 Rh8 33. Be3 b4
34. Ra1 a5 35. a3 Ra8 36. Bf2 Rhb8 37. axb4 axb4 38. Ree1 Ra3 39. Rab1 Ra2 40.
Kf1 Rba8 41. Re2 Rxe2 42. Kxe2 Ra2+ 43. Ke3 Kg6 44. g3 h5 45. gxh5+ Kxh5 46.
g4+ Kg6 47. Be1 f5 48. gxf5+ Kxf5 49. Bd2 Bf8 50. Kd3 Be7 51. Be3 Rg2 52. Ra1
Rb2 53. Ra7 Rxb3+ 54. Ke2 Bf6 55. Bxc5 Rb1 56. Rf7 Kg6 57. Rb7 b3 58. Ba3 e4
59. fxe4 b2 60. Rb6 Rh1 61. Rxf6+ Kxf6 62. Bxb2+ Kf7 63. Kf3 Rb1 64. Bd4 Rb4
65. Be3 Rxc4 {(=)} 66. Bxg5 Ke8 67. Kf4 Kd7 68. Kf5 Rd4 1/2-1/2

[Event "GBR-ch89"]
[Site "Torquay"]
[Date "2002.08.03"]
[Round "6"]
[White "Simpson, James"]
[Black "Vijayalakshmi, Subbaraman"]
[Result "1/2-1/2"]
[WhiteElo "2245"]
[BlackElo "2399"]
[PlyCount "191"]
[EventDate "2002.07.29"]
[EventType "swiss"]
[EventRounds "11"]
[EventCountry "GBR"]
[SourceTitle "BritBase"]
[Source "John Saunders"]
[SourceDate "2008.07.14"]
[SourceVersion "1"]
[SourceVersionDate "2008.07.14"]
[SourceQuality "2"]

1. d4 Nf6 2. Nf3 e6 3. c3 b6 4. Bg5 Bb7 5. Nbd2 Be7 6. e3 O-O 7. Bd3 d5 8. Qc2
Nbd7 9. O-O h6 10. Bh4 c5 11. Ne5 Nxe5 12. dxe5 Ng4 13. Bg3 Bh4 14. Bf4 g5 15.
f3 Bf2+ 16. Rxf2 Nxf2 17. Kxf2 gxf4 18. Nf1 c4 19. Be2 Qg5 20. Qd2 fxe3+ 21.
Qxe3 Qxe3+ 22. Nxe3 f6 23. exf6 Rxf6 24. Ng4 Rg6 25. g3 Rf8 26. Ke3 b5 27. a3
a5 28. f4 Rb8 29. Ne5 Rg7 30. Kd4 Rc7 31. g4 Bc8 32. h4 b4 33. axb4 axb4 34. g5
bxc3 35. bxc3 Rb2 36. Bg4 Kg7 37. Ra8 Rh2 38. h5 Rh1 39. Rb8 Rf1 40. Bf3 Ra1
41. Bg4 Ra3 42. Bf3 Kh7 43. Ng4 Ra1 44. Nf6+ Kh8 45. Bg4 Re1 46. gxh6 Rc6 47.
f5 e5+ 48. Kxd5 Rxf6 49. Rxc8+ Kh7 50. Bf3 Kxh6 51. Be4 Kg5 52. Rxc4 Kf4 53.
Bd3+ Kg5 54. Be4 Kf4 55. Bc2+ Kg5 56. Re4 Rc1 57. Re2 Rf8 58. Rh2 Kf6 59. h6
Rd8+ 60. Kc6 Ra1 61. h7 Raa8 62. Be4 Rac8+ 63. Kb5 Kg7 64. Kb4 Rb8+ 65. Kc4 Kf6
66. Rg2 Rbc8+ 67. Kb3 Rb8+ 68. Kc2 Rh8 69. Rg6+ Ke7 70. Ra6 Rbd8 71. c4 Rd6 72.
Ra7+ Kf6 73. Kc3 Kg5 74. Rg7+ Kf4 75. Bc2 Ra6 76. f6 Rxf6 77. c5 e4 78. Re7 e3
79. Bd3 Rh6 80. Rf7+ Kg3 81. Kd4 Re6 82. Be2 Kg2 83. Kd5 Rh6 84. Bd3 Rd8+ 85.
Ke4 Re8+ 86. Kd5 Rd8+ 87. Kc4 Rh4+ 88. Kc3 Rc8 89. Rg7+ Kf2 90. Bc4 Rh8 91. Re7
Ra8 92. c6 Rc8 93. c7 Rh5 94. Rf7+ Kg3 95. Rg7+ Kf3 96. Rf7+ 1/2-1/2

[Event "GBR-ch89"]
[Site "Torquay"]
[Date "2002.08.03"]
[Round "6"]
[White "Snape, Ian L"]
[Black "Bigg, Andrew J"]
[Result "1/2-1/2"]
[WhiteElo "2202"]
[BlackElo "2248"]
[PlyCount "24"]
[EventDate "2002.07.29"]
[EventType "swiss"]
[EventRounds "11"]
[EventCountry "GBR"]
[SourceTitle "BritBase"]
[Source "John Saunders"]
[SourceDate "2008.07.14"]
[SourceVersion "1"]
[SourceVersionDate "2008.07.14"]
[SourceQuality "2"]

1. c4 b6 2. d4 e6 3. a3 Nf6 4. Nc3 Bb7 5. d5 exd5 6. cxd5 b5 7. g3 b4 8. axb4
Bxb4 9. Bg2 O-O 10. Nh3 d6 11. O-O Nbd7 12. Nb5 a5 1/2-1/2

[Event "GBR-ch89"]
[Site "Torquay"]
[Date "2002.08.03"]
[Round "6"]
[White "Summerscale, Aaron"]
[Black "McShane, Luke J"]
[Result "0-1"]
[WhiteElo "2509"]
[BlackElo "2544"]
[PlyCount "148"]
[EventDate "2002.07.29"]
[EventType "swiss"]
[EventRounds "11"]
[EventCountry "GBR"]
[SourceTitle "BritBase"]
[Source "John Saunders"]
[SourceDate "2008.07.14"]
[SourceVersion "1"]
[SourceVersionDate "2008.07.14"]
[SourceQuality "2"]

1. Nf3 d5 2. c4 c6 3. e3 Nf6 4. Nc3 g6 5. d4 Bg7 6. Be2 O-O 7. O-O Bg4 8. cxd5
Nxd5 9. e4 Nxc3 10. bxc3 Nd7 11. Rb1 Qc7 12. h3 Bxf3 13. Bxf3 e5 14. Be3 Rfd8
15. Qb3 b6 16. Rfd1 Nf8 17. Rd2 Rd6 18. Rbd1 Rad8 19. Bg5 Bf6 20. Bxf6 Rxf6 21.
dxe5 Rxd2 22. exf6 Rxd1+ 23. Qxd1 Nd7 24. Qa4 Nxf6 25. Qd4 Nd7 26. Bg4 Nc5 27.
Be2 Qf4 28. Qd8+ Kg7 29. Qd4+ f6 30. Bf3 Qc7 31. Be2 Ne6 32. Qd2 Qe7 33. Bc4
Nc5 34. f3 Qe5 35. Qd4 a5 36. Kf2 b5 37. Be2 b4 38. Qxe5 fxe5 39. cxb4 axb4 40.
Bc4 Kf6 41. Ke3 g5 42. g3 Nd7 43. Kd3 Ke7 44. Bg8 Nf6 45. Bb3 c5 46. Ke3 Nh5
47. Kf2 Ng7 48. Bg8 h6 49. Ke3 Nh5 50. Kf2 Ng7 51. Ke3 Nh5 52. Kf2 Nf6 53. Bb3
Kd6 54. Bf7 Ke7 55. Bb3 Nd7 56. Ke3 Nb6 57. Kd3 Kd7 58. Bg8 Kc6 59. Bf7 Kd6 60.
Bb3 Kd7 61. Bg8 Kc6 62. Bf7 Kb5 63. Be8+ Ka5 64. Bf7 Ka4 65. Bc4 Ka3 66. Bb3
Kb2 67. Bg8 Kb1 68. Bf7 Na4 69. f4 exf4 70. gxf4 gxf4 71. e5 Nb6 72. Ke4 c4 73.
e6 c3 74. e7 Nc8 0-1

[Event "GBR-ch89"]
[Site "Torquay"]
[Date "2002.08.03"]
[Round "6"]
[White "Ward, Christopher G"]
[Black "Rowson, Jonathan"]
[Result "0-1"]
[WhiteElo "2498"]
[BlackElo "2545"]
[PlyCount "70"]
[EventDate "2002.07.29"]
[EventType "swiss"]
[EventRounds "11"]
[EventCountry "GBR"]
[SourceTitle "BritBase"]
[Source "John Saunders"]
[SourceDate "2008.07.14"]
[SourceVersion "1"]
[SourceVersionDate "2008.07.14"]
[SourceQuality "2"]

1. c4 Nf6 2. Nc3 g6 3. e4 e5 4. Nge2 Bg7 5. g3 O-O 6. Bg2 c6 7. O-O d6 8. d3 a6
9. h3 b5 10. Be3 Nbd7 11. Qd2 Rb8 12. Rac1 Re8 13. b3 Bb7 14. f4 Ba8 15. f5 d5
16. cxd5 cxd5 17. exd5 b4 18. Ne4 Nxd5 19. Ba7 Rb7 20. Bf2 N7f6 21. Rc6 Nxe4
22. Bxe4 gxf5 23. Bg2 Rd7 24. Rxa6 e4 25. Nf4 Bb7 26. Nxd5 Bxa6 27. Nxb4 e3 28.
Bxe3 Rxe3 29. Nxa6 Qb6 30. Kh1 Rexd3 31. Qe2 Qxa6 32. Qe8+ Bf8 33. Rxf5 Qg6 34.
Rf4 Re7 35. Qc8 Re1+ 0-1

[Event "GBR-ch89"]
[Site "Torquay"]
[Date "2002.08.03"]
[Round "6"]
[White "Webb, Laurence"]
[Black "Ashton, Adam"]
[Result "1-0"]
[WhiteElo "2262"]
[BlackElo "2152"]
[PlyCount "91"]
[EventDate "2002.07.29"]
[EventType "swiss"]
[EventRounds "11"]
[EventCountry "GBR"]
[SourceTitle "BritBase"]
[Source "John Saunders"]
[SourceDate "2008.07.14"]
[SourceVersion "1"]
[SourceVersionDate "2008.07.14"]
[SourceQuality "2"]

1. d4 Nf6 2. c4 e6 3. Nc3 Bb4 4. Bg5 c5 5. d5 d6 6. e3 Bxc3+ 7. bxc3 e5 8. Qc2
Qe7 9. f3 h6 10. Bh4 Nbd7 11. e4 Nf8 12. Bf2 Ng6 13. g3 Nh7 14. Rb1 O-O 15. Bd3
Rb8 16. h4 Qd8 17. Ne2 Ne7 18. g4 f6 19. Be3 a6 20. Ng3 Kf7 21. Nf5 Nxf5 22.
gxf5 Ke8 23. Rg1 Rf7 24. Kd2 Qc7 25. Be2 Kd8 26. Bf1 Bd7 27. Bh3 Be8 28. Qb3
Rc8 29. Rb2 Qd7 30. Rgb1 Rc7 31. Qb6 Ke7 32. Qxb7 a5 33. Bg4 Kf8 34. Qa8 Ra7
35. Qb8 Re7 36. Bh5 Rc7 37. Bg6 Rc8 38. Qb6 Kg8 39. Qa6 Bxg6 40. Rb7 Rc7 41.
Rxc7 Qxc7 42. fxg6 Nf8 43. Qa8 Qa7 44. Rb8 Qxa8 45. Rxa8 Rb7 46. Kc2 1-0

[Event "GBR-ch89"]
[Site "Torquay"]
[Date "2002.08.03"]
[Round "6"]
[White "Willmoth, Robert"]
[Black "Lee, Graham D"]
[Result "0-1"]
[WhiteElo "2198"]
[BlackElo "2361"]
[PlyCount "70"]
[EventDate "2002.07.29"]
[EventType "swiss"]
[EventRounds "11"]
[EventCountry "GBR"]
[SourceTitle "BritBase"]
[Source "John Saunders"]
[SourceDate "2008.07.14"]
[SourceVersion "1"]
[SourceVersionDate "2008.07.14"]
[SourceQuality "2"]

1. e4 c6 2. c4 d5 3. exd5 cxd5 4. cxd5 Nf6 5. Nc3 Nxd5 6. Nf3 Nc6 7. Bb5 a6 8.
Bxc6+ bxc6 9. Qa4 Bb7 10. O-O e6 11. d4 Be7 12. Ne4 Qb6 13. Bd2 O-O 14. Rac1 f6
15. Rfe1 Rfe8 16. b4 Bf8 17. Nc5 Bc8 18. a3 Ra7 19. Rc4 Qc7 20. Qc2 Nb6 21. Rc3
Nd5 22. Rb3 Qf7 23. Nd3 g5 24. h3 Rc7 25. Qd1 Bd6 26. Rb1 h5 27. Nh2 Kh8 28.
Rc1 Rg8 29. f3 Qh7 30. Nc5 g4 31. fxg4 Bxh2+ 32. Kxh2 hxg4 33. Nxe6 Bxe6 34.
Rxe6 gxh3 35. gxh3 Qxh3+ 0-1

[Event "GBR-ch89"]
[Site "Torquay"]
[Date "2002.08.03"]
[Round "6"]
[White "Wu, Li"]
[Black "Trent, Lawrence"]
[Result "0-1"]
[WhiteElo "2142"]
[BlackElo "2246"]
[PlyCount "76"]
[EventDate "2002.07.29"]
[EventType "swiss"]
[EventRounds "11"]
[EventCountry "GBR"]
[SourceTitle "BritBase"]
[Source "John Saunders"]
[SourceDate "2008.07.14"]
[SourceVersion "1"]
[SourceVersionDate "2008.07.14"]
[SourceQuality "2"]

1. d4 g6 2. e4 Bg7 3. c4 d6 4. Nc3 f5 5. exf5 Bxf5 6. Nf3 Nh6 7. h3 O-O 8. Be2
Na6 9. Be3 c5 10. d5 Nc7 11. Qd2 Nf7 12. Bd3 Qd7 13. O-O Rab8 14. b3 Ne5 15.
Nxe5 Bxe5 16. f4 Bg7 17. Rab1 b5 18. Ne4 bxc4 19. bxc4 Qa4 20. Nc3 Qa3 21. Rfc1
Bxd3 22. Rxb8 Rxb8 23. Qxd3 Na6 24. Bd2 Rb2 25. Kh1 Bf6 26. Qe3 Nb4 27. Kh2 Kf8
28. f5 gxf5 29. Rf1 Rxd2 30. Qxd2 Qxc3 31. Qh6+ Kg8 32. Qh5 Qxc4 33. Rxf5 Be5+
34. g3 Qxa2+ 35. Kg1 Bd4+ 36. Kf1 Qb1+ 37. Ke2 Qd3+ 38. Ke1 Nc2# 0-1

[Event "GBR-ch89"]
[Site "Torquay"]
[Date "2002.08.05"]
[Round "7"]
[White "Berry, Neil"]
[Black "Lane, Gary W"]
[Result "1/2-1/2"]
[WhiteElo "2255"]
[BlackElo "2446"]
[PlyCount "82"]
[EventDate "2002.07.29"]
[EventType "swiss"]
[EventRounds "11"]
[EventCountry "GBR"]
[SourceTitle "BritBase"]
[Source "John Saunders"]
[SourceDate "2008.07.14"]
[SourceVersion "1"]
[SourceVersionDate "2008.07.14"]
[SourceQuality "2"]

1. d4 Nf6 2. c4 g6 3. Nc3 Bg7 4. e4 d6 5. Nf3 O-O 6. Be2 e5 7. O-O Nbd7 8. Be3
Ng4 9. Bg5 f6 10. Bd2 Nh6 11. Qc2 c6 12. Rad1 Qe7 13. b4 Nf7 14. Bc1 Bh6 15.
Bb2 Ng5 16. Nxg5 Bxg5 17. dxe5 fxe5 18. Qd3 Rf6 19. Ba3 Kg7 20. Bg4 Nb6 21.
Bxc8 Rxc8 22. c5 dxc5 23. bxc5 Na8 24. Qd7 Qxd7 25. Rxd7+ Rf7 26. Rfd1 Rcf8 27.
Na4 Rxd7 28. Rxd7+ Rf7 29. Rd3 Nc7 30. Bb2 Re7 31. g3 Kf7 32. Bc3 Ke8 33. Kf1
Nb5 34. Bb2 Re6 35. Ke2 Bd8 36. Ke3 b6 37. Ke2 Re7 38. Rd1 Bc7 39. f3 Rd7 40.
Rxd7 Kxd7 41. Ke3 Ke7 1/2-1/2

[Event "GBR-ch89"]
[Site "Torquay"]
[Date "2002.08.05"]
[Round "7"]
[White "Buckley, Simon T"]
[Black "Nixon, Thomas"]
[Result "1/2-1/2"]
[WhiteElo "2237"]
[BlackElo "2187"]
[PlyCount "138"]
[EventDate "2002.07.29"]
[EventType "swiss"]
[EventRounds "11"]
[EventCountry "GBR"]
[SourceTitle "BritBase"]
[Source "John Saunders"]
[SourceDate "2008.07.14"]
[SourceVersion "1"]
[SourceVersionDate "2008.07.14"]
[SourceQuality "2"]

1. d4 Nf6 2. Bg5 e6 3. e4 h6 4. Bxf6 Qxf6 5. c3 e5 6. dxe5 Qxe5 7. Bd3 Bc5 8.
Nf3 Qe7 9. O-O Nc6 10. Nbd2 O-O 11. b4 Bb6 12. Nc4 d6 13. a4 a5 14. Nxb6 cxb6
15. bxa5 bxa5 16. Qb3 Be6 17. Qb5 Rfc8 18. Rab1 Nd8 {(=)} 19. Rfc1 Rc5 20. Qb2
Bd7 21. Qa3 Bc6 22. Re1 {(=)} Ne6 23. Bb5 Qf6 24. Bxc6 bxc6 25. Re3 Qf4 26. Qb3
Qg4 27. Qb7 Rd8 28. Qe7 Qf4 29. Rb7 {(=)} Rf8 30. h3 Rc4 31. g3 Qf6 32. Qxd6
Nc5 33. Qxf6 gxf6 34. Rc7 Nxa4 35. Nd2 Rc5 36. Nb3 Rxc3 37. Rxc3 Nxc3 38. Nxa5
Nxe4 39. Nxc6 Ra8 40. Ne7+ Kg7 41. Rc4 Ng5 42. Kg2 Re8 43. Nf5+ Kg6 44. Ne3 Ne4
45. Nd5 Re5 46. Rd4 Re8 47. Nf4+ Kg7 48. Rb4 Re5 49. Rb6 Nc5 50. g4 f5 51. Nh5+
Kh7 52. f4 Re2+ 53. Kf3 Ra2 54. gxf5 Ra3+ 55. Kg2 Ra2+ 56. Kg3 Ra3+ 57. Kh4 Ne4
58. Rb2 Ra6 59. Rg2 Ra7 60. Kg4 Ra6 61. Kh4 Ra7 62. Re2 Nd6 63. Kg4 Ra1 64. Rg2
Ra3 65. Nf6+ Kg7 66. Nd5 Rd3 67. f6+ Kh7 68. Nb4 Rb3 69. Nc6 Kg6 1/2-1/2

[Event "GBR-ch89"]
[Site "Torquay"]
[Date "2002.08.05"]
[Round "7"]
[White "D'Costa, Lorin"]
[Black "McDonald, Neil R"]
[Result "1-0"]
[WhiteElo "2254"]
[BlackElo "2396"]
[PlyCount "137"]
[EventDate "2002.07.29"]
[EventType "swiss"]
[EventRounds "11"]
[EventCountry "GBR"]
[SourceTitle "BritBase"]
[Source "John Saunders"]
[SourceDate "2008.07.14"]
[SourceVersion "1"]
[SourceVersionDate "2008.07.14"]
[SourceQuality "2"]

1. d4 f5 2. g3 Nf6 3. Bg2 g6 4. c4 Bg7 5. Nc3 O-O 6. Nf3 d6 7. O-O Qe8 8. d5 a5
9. Nd4 Na6 10. e4 fxe4 11. Nxe4 Nxe4 12. Bxe4 Bh3 13. Re1 Nc5 14. Bh1 Qf7 15.
Be3 h6 16. Qd2 g5 17. Rac1 Qg6 18. Rcd1 Rf7 19. b3 Raf8 20. Re2 b6 21. Bg2 Bxg2
22. Kxg2 g4 23. Qc2 Qh5 24. Kg1 Nd7 25. Nc6 Ne5 26. Nxe5 dxe5 27. Rc1 Rf3 28.
Qd1 e4 29. c5 b5 30. d6 exd6 31. cxd6 cxd6 32. Qxd6 Qf5 33. Rc5 Qf7 34. Qd5
Qxd5 35. Rxd5 R8f5 36. Rxf5 Rxf5 37. Bb6 Bc3 38. Rxe4 h5 39. Re8+ Kf7 40. Ra8
Rd5 41. Bxa5 Bf6 42. Kg2 h4 43. gxh4 Bxh4 44. Rh8 Bf6 45. Rc8 Be7 46. h3 gxh3+
47. Kxh3 b4 48. Bb6 Rd2 49. Ra8 Ke6 50. Kg2 Kd5 51. Kf3 Bf6 52. Ra5+ Ke6 53.
Be3 Rc2 54. Bc5 Bh4 55. Rb5 Rxa2 56. Rxb4 Bf6 57. Rb6+ Kd5 58. Be3 Bd4 59. Bxd4
Kxd4 60. Rb8 Ra7 61. Re8 Rf7+ 62. Ke2 Rb7 63. Re3 Rf7 64. f3 Rh7 65. Re4+ Kc3
66. b4 Kb3 67. Ke3 Ka4 68. Rd4 Kb5 69. f4 1-0

[Event "GBR-ch89"]
[Site "Torquay"]
[Date "2002.08.05"]
[Round "7"]
[White "Eames, Robert S"]
[Black "Snape, Ian L"]
[Result "0-1"]
[WhiteElo "2310"]
[BlackElo "2202"]
[PlyCount "120"]
[EventDate "2002.07.29"]
[EventType "swiss"]
[EventRounds "11"]
[EventCountry "GBR"]
[SourceTitle "BritBase"]
[Source "John Saunders"]
[SourceDate "2008.07.14"]
[SourceVersion "1"]
[SourceVersionDate "2008.07.14"]
[SourceQuality "2"]

1. e4 c5 2. Nf3 d6 3. d4 cxd4 4. Nxd4 Nf6 5. Nc3 g6 6. Be3 Bg7 7. f3 O-O 8. Qd2
Nc6 9. Bc4 Bd7 10. O-O-O Qa5 11. h4 Ne5 12. Bb3 Rfc8 13. Kb1 Nc4 14. Bxc4 Rxc4
15. Nb3 Qc7 16. h5 Rxc3 17. bxc3 Nxh5 18. Bd4 Nf6 19. Rhe1 Be6 20. g4 a5 21. g5
Nh5 22. Bxg7 Kxg7 23. Nd4 Rc8 24. Re3 Bc4 25. f4 Nxf4 26. Qh2 Nh5 27. e5 Qc5
28. Kc1 Bxa2 29. Kd2 dxe5 30. Qxe5+ Qxe5 31. Rxe5 e6 32. Ra1 Bd5 33. Rxa5 Ng3
34. Kd3 h5 35. gxh6+ Kxh6 36. Ra4 Rd8 37. Ra1 Nf5 38. Nxf5+ exf5 39. c4 Bc6+
40. Ke3 Kg5 41. Rg1+ Kf6 42. Ra5 Be4 43. Rb5 Rd7 44. Rb6+ Bc6 45. Rbb1 g5 46.
Rbf1 f4+ 47. Ke2 Rd4 48. c3 Rxc4 49. Kd3 Bb5 50. Rb1 Rb4+ 51. Kd2 Rxb1 52. Rxb1
Bc6 53. Rb4 Ke5 54. Ke2 g4 55. Kf2 g3+ 56. Kg1 Kf5 57. Rd4 Kg4 58. c4 f5 59.
Rd6 f3 60. Rg6+ Kf4 0-1

[Event "GBR-ch89"]
[Site "Torquay"]
[Date "2002.08.05"]
[Round "7"]
[White "Evans-Quek, Suan"]
[Black "Kunte, Abhijit"]
[Result "0-1"]
[WhiteElo "2268"]
[BlackElo "2477"]
[PlyCount "55"]
[EventDate "2002.07.29"]
[EventType "swiss"]
[EventRounds "11"]
[EventCountry "GBR"]
[SourceTitle "BritBase"]
[Source "John Saunders"]
[SourceDate "2008.07.14"]
[SourceVersion "1"]
[SourceVersionDate "2008.07.14"]
[SourceQuality "2"]

1. g3 e5 2. Bg2 Nf6 3. d3 Nc6 4. a3 d5 5. Nf3 Be7 6. b4 e4 7. Nfd2 a5 8. b5 Nd4
9. a4 Bg4 10. f3 exf3 11. exf3 Be6 12. O-O Bc5 13. Kh1 h5 14. c3 h4 15. gxh4
Nf5 16. Nb3 Bd6 17. Bg5 Nxh4 18. Qe1 Nxg2 19. Kxg2 Rxh2+ 20. Kg1 Ke7 21. f4 Qh8
22. Qg3 Rh1+ 23. Kf2 Rh3 24. Qg1 Re8 25. Kg2 Kd7 26. N1d2 Rxd3 27. Rf3 Bh3+ 28.
Kf2 0-1

[Event "GBR-ch89"]
[Site "Torquay"]
[Date "2002.08.05"]
[Round "7"]
[White "Gallagher, Joseph G"]
[Black "Barua, Dibyendu"]
[Result "1-0"]
[WhiteElo "2517"]
[BlackElo "2542"]
[PlyCount "125"]
[EventDate "2002.07.29"]
[EventType "swiss"]
[EventRounds "11"]
[EventCountry "GBR"]
[SourceTitle "BritBase"]
[Source "John Saunders"]
[SourceDate "2008.07.14"]
[SourceVersion "1"]
[SourceVersionDate "2008.07.14"]
[SourceQuality "2"]

1. e4 e6 2. d4 d5 3. Nd2 Nf6 4. e5 Nfd7 5. c3 c5 6. Bd3 Nc6 7. Ne2 cxd4 8. cxd4
f6 9. exf6 Nxf6 10. Nf3 Bd6 11. O-O Qc7 12. Bg5 O-O 13. Rc1 h6 14. Bh4 Nh5 15.
Bg6 Nf4 16. Nxf4 Bxf4 17. Rc3 Qd6 18. Bc2 e5 19. dxe5 Nxe5 20. Nxe5 Bxe5 21.
Bg3 Bxg3 22. Rxg3 Rf6 23. Rf3 Rxf3 24. Qxf3 Be6 25. Qd3 Kf8 26. Re1 Bf7 27. h3
Re8 28. Rxe8+ Bxe8 29. Qf5+ Ke7 30. Qg4 g5 31. Qd4 b6 32. g3 Bf7 33. Bf5 Qf6
34. Qb4+ Qd6 35. Qd4 a5 36. Qe3+ Kf6 37. Bd3 d4 38. Qe4 Kg7 39. Qh7+ Kf8 40. a3
Qf6 41. Qe4 Qd6 42. h4 Qc5 43. Qh7 Qd6 44. hxg5 hxg5 45. Qf5 Qc5 46. Qf6 Ke8
47. Be4 b5 48. Qc6+ Qxc6 49. Bxc6+ Ke7 50. Bxb5 Ke6 51. b4 axb4 52. axb4 Bg6
53. f3 Kd5 54. Kf2 Bc2 55. Ke2 Bg6 56. Bd3 Bh5 57. Kf2 Ke5 58. b5 Kd5 59. f4
gxf4 60. gxf4 Bg4 61. f5 Kc5 62. f6 Kd6 63. Kg3 1-0

[Event "GBR-ch89"]
[Site "Torquay"]
[Date "2002.08.05"]
[Round "7"]
[White "Grant, Jonathan"]
[Black "Aarthie, Ramaswamy"]
[Result "1-0"]
[WhiteElo "2201"]
[BlackElo "2290"]
[PlyCount "41"]
[EventDate "2002.07.29"]
[EventType "swiss"]
[EventRounds "11"]
[EventCountry "GBR"]
[SourceTitle "BritBase"]
[Source "John Saunders"]
[SourceDate "2008.07.14"]
[SourceVersion "1"]
[SourceVersionDate "2008.07.14"]
[SourceQuality "2"]

1. c4 Nf6 2. Nc3 e6 3. e4 d5 4. e5 d4 5. exf6 dxc3 6. bxc3 Qxf6 7. Nf3 c5 8.
Bd3 Bd7 9. Be4 Bc6 {(=)} 10. Qe2 Bd6 11. Rb1 Qe7 12. O-O O-O 13. d4 Nd7 14. Bc2
h6 15. Re1 Qd8 16. Qd3 Nf6 17. Ne5 Qc7 18. Ng4 Rfd8 19. Nxf6+ gxf6 20. Qh7+ Kf8
21. Rxe6 1-0

[Event "GBR-ch89"]
[Site "Torquay"]
[Date "2002.08.05"]
[Round "7"]
[White "Hebden, Mark L"]
[Black "Hanley, Craig A"]
[Result "1-0"]
[WhiteElo "2534"]
[BlackElo "2331"]
[PlyCount "79"]
[EventDate "2002.07.29"]
[EventType "swiss"]
[EventRounds "11"]
[EventCountry "GBR"]
[SourceTitle "BritBase"]
[Source "John Saunders"]
[SourceDate "2008.07.14"]
[SourceVersion "1"]
[SourceVersionDate "2008.07.14"]
[SourceQuality "2"]

1. d4 Nf6 2. Nf3 c5 3. d5 b5 4. Bg5 d6 5. Bxf6 exf6 6. e4 a6 7. a4 b4 8. c3 f5
9. e5 dxe5 10. Nxe5 Be7 11. Be2 Bf6 12. Nc4 O-O 13. O-O a5 14. Qd3 Re8 15. Nbd2
Ba6 16. Rfe1 Nd7 17. Qg3 f4 18. Qf3 g5 19. Bf1 Bg7 20. Rxe8+ Qxe8 21. d6 Bxc4
22. Nxc4 bxc3 23. bxc3 Nf6 24. Rd1 Rd8 25. Nxa5 Qxa4 26. Nb7 Rc8 27. Rb1 c4 28.
g3 fxg3 29. hxg3 g4 30. Qe3 Nd7 31. Bg2 Qc2 32. Be4 Qa2 33. Rb5 Qa1+ 34. Kg2
Re8 35. Nc5 Nxc5 36. Qxc5 Qxc3 37. d7 Rd8 38. Qe7 Qf6 39. Qe8+ Bf8 40. Rb8 1-0

[Event "GBR-ch89"]
[Site "Torquay"]
[Date "2002.08.05"]
[Round "7"]
[White "Lalic, Bogdan"]
[Black "Collins, Sam IRL"]
[Result "1-0"]
[WhiteElo "2540"]
[BlackElo "2313"]
[PlyCount "57"]
[EventDate "2002.07.29"]
[EventType "swiss"]
[EventRounds "11"]
[EventCountry "GBR"]
[SourceTitle "BritBase"]
[Source "John Saunders"]
[SourceDate "2008.07.14"]
[SourceVersion "1"]
[SourceVersionDate "2008.07.14"]
[SourceQuality "2"]

1. d4 d5 2. c4 c6 3. Nc3 e5 4. e3 e4 5. Bd2 Nf6 6. Rc1 Be7 7. Nge2 O-O 8. Ng3
Bg4 9. Be2 Bxe2 10. Qxe2 Re8 11. O-O a6 12. c5 Nbd7 13. f3 exf3 14. Qxf3 b6 15.
cxb6 Qxb6 16. b3 Bb4 17. Na4 Qa5 18. Bxb4 Qxb4 19. Rxc6 Qd2 20. Nf5 Re6 21. Qg3
g6 22. Rc7 Qxa2 23. Nc5 Nxc5 24. Nh6+ Kh8 25. Nxf7+ Kg8 26. dxc5 Qxb3 27. Qf4
Qc4 28. Qh6 Rf8 29. Ng5 1-0

[Event "GBR-ch89"]
[Site "Torquay"]
[Date "2002.08.05"]
[Round "7"]
[White "Ledger, David J"]
[Black "Ward, Christopher G"]
[Result "0-1"]
[WhiteElo "2271"]
[BlackElo "2498"]
[PlyCount "94"]
[EventDate "2002.07.29"]
[EventType "swiss"]
[EventRounds "11"]
[EventCountry "GBR"]
[SourceTitle "BritBase"]
[Source "John Saunders"]
[SourceDate "2008.07.14"]
[SourceVersion "1"]
[SourceVersionDate "2008.07.14"]
[SourceQuality "2"]

1. e4 e6 2. d4 d5 3. Nc3 Bb4 4. e5 c5 5. a3 Bxc3+ 6. bxc3 Qa5 7. Bd2 Qa4 8. Qb1
c4 9. Ne2 f6 10. exf6 Nxf6 11. Ng3 Nc6 12. Be2 b6 13. O-O Bd7 14. Bg5 O-O-O 15.
Bf3 Rdf8 16. Qc1 Ne8 17. Re1 h6 18. Bf4 g5 19. Be5 Rh7 20. Bg4 Nxe5 21. Rxe5
Nc7 22. Nh5 Be8 23. Qd1 Bxh5 24. Bxh5 Rhf7 25. Qe2 Re7 26. h3 Qb5 27. Re3 Qb2
28. Re1 Qxa3 29. Rf3 Rf4 30. g3 Re4 31. Qd2 Rxe1+ 32. Qxe1 Qd6 33. Rf6 Rh7 34.
Bg4 Kd7 35. Qa1 a5 36. Bf5 Qe7 37. Rg6 Rf7 38. Bg4 Rf6 39. Rg8 Rf8 40. Rg6 Qf7
41. Rxh6 Qxf2+ 42. Kh1 Qf1+ 43. Qxf1 Rxf1+ 44. Kg2 Rc1 45. h4 Rxc2+ 46. Kh3
gxh4 47. gxh4 Rxc3+ 0-1

[Event "GBR-ch89"]
[Site "Torquay"]
[Date "2002.08.05"]
[Round "7"]
[White "Lee, Graham D"]
[Black "Gormally, Daniel W"]
[Result "0-1"]
[WhiteElo "2361"]
[BlackElo "2525"]
[PlyCount "46"]
[EventDate "2002.07.29"]
[EventType "swiss"]
[EventRounds "11"]
[EventCountry "GBR"]
[SourceTitle "BritBase"]
[Source "John Saunders"]
[SourceDate "2008.07.14"]
[SourceVersion "1"]
[SourceVersionDate "2008.07.14"]
[SourceQuality "2"]

1. e4 c6 2. d4 d5 3. e5 c5 4. dxc5 Nc6 5. Bf4 e6 6. Nd2 f6 7. Bb5 Bxc5 8. Qh5+
g6 9. Qe2 fxe5 10. Bxe5 Nf6 11. Nb3 Bb6 12. Nf3 O-O 13. Bg3 Nh5 14. O-O Nxg3
15. hxg3 Qf6 16. c4 Ne7 17. cxd5 exd5 18. Rfe1 Nf5 19. g4 Nh4 20. g5 Nxf3+ 21.
Qxf3 Qxg5 22. Re8 Rxe8 23. Bxe8 Be6 0-1

[Event "GBR-ch89"]
[Site "Torquay"]
[Date "2002.08.05"]
[Round "7"]
[White "Lyell, Mark"]
[Black "Wu, Li"]
[Result "0-1"]
[WhiteElo "2265"]
[BlackElo "2142"]
[PlyCount "77"]
[EventDate "2002.07.29"]
[EventType "swiss"]
[EventRounds "11"]
[EventCountry "GBR"]
[SourceTitle "BritBase"]
[Source "John Saunders"]
[SourceDate "2008.07.14"]
[SourceVersion "1"]
[SourceVersionDate "2008.07.14"]
[SourceQuality "2"]

1. e4 c5 2. b3 e6 3. Bb2 Nf6 4. e5 Nd5 5. Nc3 Nxc3 6. Bxc3 Nc6 7. Nf3 b6 8. Bd3
Bb7 9. Qe2 Qc7 10. Be4 Be7 11. O-O O-O-O 12. a4 a6 13. d3 f6 14. d4 cxd4 15.
Bxd4 Nxd4 16. Nxd4 Qxe5 17. Bxb7+ Kxb7 18. Qf3+ Kb8 19. Rad1 Qc7 20. Qd3 Ka7
21. Rde1 Bc5 22. Nf3 g6 23. c3 Rhe8 24. b4 Bf8 25. a5 d5 26. b5 Bc5 27. bxa6 e5
28. axb6+ Bxb6 29. Qc2 Qc5 30. Re2 Rc8 31. Qb3 Red8 32. Rb2 Rd6 33. Rc1 e4 34.
Ne1 d4 35. c4 d3 36. Qc3 Bd8 37. Rd2 e3 38. Nxd3 exd2 39. Rd1 0-1